[Event "World Rapid 2023"]
[Site "Samarkand UZB"]
[Date "2023.12.27"]
[EventDate "2023.12.26"]
[Round "6.65"]
[Result "1/2-1/2"]
[White "Haik M Martirosyan"]
[Black "Grzegorz Nasuta"]
[WhiteElo "2678"]
[BlackElo "2579"]
[PlyCount "206"]

1. d4 d5 2. c4 c6 3. Nf3 Nf6 4. Qb3 dxc4 5. Qxc4 Bg4 6. Nc3 Nbd7 7. Bf4 Nb6 8.
Qd3 Nbd5 9. Nxd5 Qxd5 10. Nd2 Bf5 11. Qc3 Qd7 12. Be5 Ne4 13. Nxe4 Bxe4 14. f3
Bg6 15. e4 a5 16. d5 f6 17. dxc6 Qxc6 18. a4 e6 19. Bb5 Bb4 20. Bxc6+ bxc6 21.
Qxb4 axb4 22. Bd6 b3 23. a5 Kd7 24. Bc5 Rhb8 25. Bb6 Rxb6 26. Rd1+ Kc7 27. axb6+
Kxb6 28. Kd2 f5 29. exf5 Bxf5 30. Kc3 Bc2 31. Rd4 e5 32. Rb4+ Kc7 33. Re1 Ra5
34. Re2 Rd5 35. Rd2 Ra5 36. Rc4 h6 37. h3 h5 38. h4 g6 39. Re2 Rd5 40. Re3 Ra5
41. Re2 Rd5 42. Rd2 Ra5 43. g3 Ra1 44. Re2 Rg1 45. Rxe5 Rxg3 46. Rf4 Rg2 47. Kb4
Kb6 48. Rf6 Rh2 49. Rf4 Bd1 50. Ka3 Bc2 51. Re6 Kb5 52. Re5+ c5 53. Rb4+ Kc6 54.
Rc4 Kd6 55. Rexc5 Rxh4 56. Rc6+ Kd5 57. R6c5+ Kd6 58. Kb4 Rxc4+ 59. Kxc4 Ke6 60.
Kd4 Kf6 61. f4 Bd1 62. Ke4 Bc2+ 63. Kf3 Bd1+ 64. Kg3 Bc2 65. Rd5 Ke6 66. Rb5 Kf6
67. Kh4 Bd1 68. Rc5 Bc2 69. Rd5 Ke6 70. Rc5 Kf6 71. Rb5 Bd1 72. Kg3 Bc2 73. Kf2
Bd1 74. Ke3 Bc2 75. Rb8 Ke6 76. Kf3 Bd1+ 77. Kg3 Bc2 78. Rc8 Kf6 79. Kh4 Bd1 80.
Rf8+ Ke7 81. Rg8 Kf6 82. Rf8+ Ke7 83. Rc8 Kf6 84. Rc5 Bc2 85. Kg3 Bd1 86. Rd5
Bc2 87. Kf3 Ke6 88. Rb5 Kf6 89. Rb8 Bd1+ 90. Kg3 Bc2 91. Rc8 Ke6 92. Kf3 Kf6 93.
Ke3 Ke6 94. Rc6+ Kf5 95. Rc5+ Kf6 96. Rb5 Bd1 97. Rb8 Bc2 98. Kf3 Bd1+ 99. Kg3
Bc2 100. Kh4 Bd1 101. Rf8+ Ke7 102. Rg8 Kf6 103. Rf8+ 1/2-1/2

[Event "World Rapid 2023"]
[Site "Samarkand UZB"]
[Date "2023.12.27"]
[EventDate "2023.12.26"]
[Round "6.66"]
[Result "1/2-1/2"]
[White "Abdimalik Abdisalimov"]
[Black "Hans Moke Niemann"]
[WhiteElo "2496"]
[BlackElo "2667"]
[PlyCount "118"]

1. d4 Nf6 2. c4 e6 3. Nf3 b6 4. g3 Bb7 5. Bg2 Be7 6. O-O O-O 7. Re1 a5 8. Nc3
Ne4 9. Bd2 f5 10. Rc1 d6 11. Qb3 Kh8 12. Be3 Nxc3 13. Qxc3 Nd7 14. Ng5 Bxg5 15.
Bxg5 Qxg5 16. Bxb7 Rab8 17. f4 Qh6 18. Bc6 Nf6 19. e4 e5 20. exf5 exf4 21. Qd2
Ng4 22. Re4 fxg3 23. Qxh6 Nxh6 24. hxg3 Nxf5 25. Kg2 Rf6 26. g4 Nh4+ 27. Kg3 g5
28. Re7 Rbf8 29. Rce1 Nf3 30. Rh1 h6 31. Rd1 Rf4 32. Be4 Nh4 33. Re1 R8f7 34.
Re8+ Rf8 35. Re7 R4f7 36. Bd5 Rxe7 37. Rxe7 Rf4 38. Rxc7 Rxd4 39. Rc6 b5 40. b3
bxc4 41. bxc4 h5 42. gxh5 Nf5+ 43. Kf2 g4 44. Ke2 Ng3+ 45. Ke3 Nf5+ 46. Ke2 Kg7
47. Ra6 g3 48. Rxa5 Rg4 49. Kf1 Ne3+ 50. Kg1 Rd4 51. Bf3 Kh6 52. Ra3 Nf5 53. Rc3
Kg5 54. a4 Rd2 55. Be4 Rd1+ 56. Kg2 Rd2+ 57. Kg1 Rd1+ 58. Kg2 Rd2+ 59. Kg1 1/2-1/2

[Event "World Rapid 2023"]
[Site "Samarkand UZB"]
[Date "2023.12.27"]
[EventDate "2023.12.26"]
[Round "6.67"]
[Result "0-1"]
[White "Gabriel Gaehwiler"]
[Black "Alexandr Predke"]
[WhiteElo "2381"]
[BlackElo "2689"]
[PlyCount "56"]

1. e4 c6 2. d4 d5 3. exd5 cxd5 4. Bd3 Nc6 5. c3 Qc7 6. h3 Nf6 7. Nf3 g6 8. O-O
Bf5 9. Qe2 Bxd3 10. Qxd3 Bg7 11. Bg5 Ne4 12. Bh4 O-O 13. Nbd2 f5 14. Rfe1 Bh6
15. Bg3 Nxg3 16. fxg3 Qxg3 17. Re6 Rad8 18. Rae1 Rd7 19. Nb3 Rd6 20. Qb5 a6 21.
Qe2 Rf6 22. Nc5 Rdxe6 23. Nxe6 Qd6 24. Nc5 Qc7 25. Qf2 Bf4 26. Ne6 Qd6 27. Nxf4
Qxf4 28. Qc2 Rd6 0-1

[Event "World Rapid 2023"]
[Site "Samarkand UZB"]
[Date "2023.12.27"]
[EventDate "2023.12.26"]
[Round "6.68"]
[Result "1-0"]
[White "Raunak Sadhwani"]
[Black "Artem Pingin"]
[WhiteElo "2654"]
[BlackElo "2419"]
[PlyCount "130"]

1. e4 c5 2. Nf3 d6 3. Bb5+ Bd7 4. Bxd7+ Qxd7 5. O-O Nc6 6. d4 cxd4 7. Nxd4 Nf6
8. Re1 e6 9. c4 Be7 10. Nc3 O-O 11. b3 Rfd8 12. Bb2 Rac8 13. Nxc6 Qxc6 14. Qe2
Re8 15. Rac1 a6 16. Red1 Qc7 17. Rd3 Qa5 18. a4 Nd7 19. Qc2 Qb6 20. Ne2 Bf8 21.
Rcd1 Ne5 22. Rg3 Qc7 23. Nc3 Qa5 24. Qe2 Qb4 25. Na2 Qc5 26. Bd4 Qc7 27. Nc3 Nc6
28. Bf6 Ne5 29. Qh5 Qc5 30. Bg5 Qb4 31. Rb1 b5 32. axb5 axb5 33. Bd2 g6 34. Qe2
Qc5 35. Nxb5 d5 36. Be3 Qb4 37. exd5 Nxc4 38. Na7 Nxe3 39. Rxe3 Rc3 40. Nc6 Rxe3
41. Qxe3 Qd6 42. b4 Qxd5 43. Qf3 Qb5 44. Rd1 Qb7 45. Rb1 Qb5 46. h4 e5 47. Qe4
Re6 48. Rc1 Bh6 49. Rc5 Qb6 50. Nxe5 Bf8 51. Rc8 Qd6 52. f4 Kg7 53. h5 Qd1+ 54.
Kf2 Qd2+ 55. Kg3 gxh5 56. Kh2 Rf6 57. Nd3 Bd6 58. Rc4 h4 59. b5 h3 60. Rc6 Bxf4+
61. Kxh3 Qe3+ 62. Qxe3 Bxe3 63. Kg4 Rf1 64. Rd6 f6 65. Rd5 Kg6 1-0

[Event "World Rapid 2023"]
[Site "Samarkand UZB"]
[Date "2023.12.27"]
[EventDate "2023.12.26"]
[Round "6.69"]
[Result "0-1"]
[White "Andrey Gorovets"]
[Black "Cem Kaan Gokerkan"]
[WhiteElo "2481"]
[BlackElo "2523"]
[PlyCount "148"]

1. Nf3 d5 2. g3 Nf6 3. Bg2 Bg4 4. h3 Bxf3 5. Bxf3 c6 6. d3 Nbd7 7. O-O e6 8. Nd2
Bd6 9. c3 Qc7 10. Bg2 h5 11. e3 g5 12. Qe2 g4 13. h4 Ne5 14. d4 Ng6 15. e4 dxe4
16. Nxe4 Nxe4 17. Bxe4 Ne7 18. Bg5 O-O-O 19. c4 c5 20. b4 cxd4 21. c5 Be5 22.
Bxe7 Qxe7 23. Rac1 Qc7 24. b5 d3 25. Bxd3 Bxg3 26. b6 Bh2+ 27. Kh1 Qe5 28. Qc2
Bf4 29. bxa7 Kc7 30. Qb1 Qf6 31. Qb6+ Kd7 32. Qxb7+ Ke8 33. Qg2 Ke7 34. Be4
Qxh4+ 35. Kg1 Rhg8 36. Rc3 g3 37. fxg3 Bxg3 38. a8=Q Rxa8 39. Bxa8 Bh2+ 40. Kh1
Rxg2 41. Kxg2 Be5 42. Rb3 Qg4+ 43. Kh1 Qh4+ 44. Kg2 Qh2+ 45. Kf3 f5 46. Bb7 Qf4+
47. Ke2 Qc4+ 48. Rd3 Qxc5 49. Rfd1 Qa7 50. Rd7+ Kf6 51. R1d2 Bf4 52. Rc2 Qe3+
53. Kf1 h4 54. Re2 Qc1+ 55. Kg2 Be5 56. Rd3 Qg5+ 57. Kf1 Qf4+ 58. Rf3 Qc1+ 59.
Kg2 Bd4 60. Rf1 Qg5+ 61. Kh1 Qg3 62. Bg2 Qd3 63. Bf3 Qa3 64. Kg2 e5 65. Kh2 e4
66. Bg2 Qg3+ 67. Kh1 Be5 68. Bxe4 Qh3+ 69. Kg1 Bd4+ 70. Rff2 Qg3+ 71. Kf1 Bxf2
72. Rxf2 Qxf2+ 73. Kxf2 fxe4 74. a4 Ke5 0-1

[Event "World Rapid 2023"]
[Site "Samarkand UZB"]
[Date "2023.12.27"]
[EventDate "2023.12.26"]
[Round "6.70"]
[Result "0-1"]
[White "Anton Demchenko"]
[Black "Bobir Sattarov"]
[WhiteElo "2609"]
[BlackElo "2353"]
[PlyCount "114"]

1. e4 e5 2. Nf3 Nc6 3. Bc4 Bc5 4. d3 d6 5. c3 Qf6 6. Be3 Nge7 7. h3 h6 8. Nbd2
a6 9. Bxc5 dxc5 10. a3 O-O 11. Qe2 Rd8 12. Rd1 b6 13. Nf1 Ng6 14. g3 Na5 15. Ba2
Be6 16. Bxe6 Qxe6 17. Ne3 Rd7 18. h4 Rad8 19. O-O Nb7 20. b4 a5 21. b5 f6 22. c4
a4 23. h5 Ne7 24. Nh4 Na5 25. Nd5 Nb3 26. f4 Nd4 27. Qf2 Nxd5 28. exd5 Qg4 29.
f5 Re8 30. Rde1 e4 31. Kg2 Rdd8 32. Qd2 Qg5 33. Qd1 e3 34. Rf4 e2 35. Qd2 Qxh5
36. Nf3 Nxf5 37. Re4 Qg6 38. Qf4 Nd6 39. R1xe2 Nxe4 40. dxe4 Re7 41. Nh4 Qg5 42.
Nf3 Qh5 43. g4 Qg6 44. Nh4 Qg5 45. Qxg5 hxg5 46. Nf5 Re5 47. Kf3 g6 48. Ng3 Kg7
49. Rd2 Ree8 50. Re2 Rd7 51. Kg2 Rde7 52. Re1 Rh8 53. Rd1 Rd8 54. Kf3 Kf8 55.
Ne2 Rh7 56. Kg3 Ke7 57. Nc3 Kd6 0-1

[Event "World Rapid 2023"]
[Site "Samarkand UZB"]
[Date "2023.12.27"]
[EventDate "2023.12.26"]
[Round "6.71"]
[Result "1-0"]
[White "Zhamsaran Tsydypov"]
[Black "Jakub Seemann"]
[WhiteElo "2530"]
[BlackElo "2441"]
[PlyCount "88"]

1. e4 c5 2. Nf3 d6 3. d4 cxd4 4. Nxd4 Nf6 5. Nc3 Nc6 6. Bg5 e6 7. Qd3 a6 8.
O-O-O Bd7 9. f4 Be7 10. Be2 Rc8 11. Nb3 Qc7 12. Kb1 Nb4 13. Qe3 b5 14. a3 Nc6
15. g4 b4 16. axb4 Nxb4 17. Rd2 O-O 18. Rhd1 Bc6 19. f5 h6 20. Bf4 e5 21. Bxh6
gxh6 22. h4 Kh8 23. Qxh6+ Nh7 24. g5 Rg8 25. Qh5 Bf8 26. f6 a5 27. Bg4 a4 28.
Nc1 a3 29. Bf5 Rg6 30. bxa3 Qb6 31. Nb3 Nxc2 32. Kxc2 Ba4 33. Rb1 Rc7 34. Qf3
Bc6 35. Nd4 Qa7 36. Nxc6 Rxc6 37. Rb3 d5 38. exd5 Ra6 39. d6 Bxd6 40. Qb7 Qxb7
41. Rxb7 Rg8 42. Rxf7 Nf8 43. Ne4 Bxa3 44. Rdd7 1-0

[Event "World Rapid 2023"]
[Site "Samarkand UZB"]
[Date "2023.12.27"]
[EventDate "2023.12.26"]
[Round "6.72"]
[Result "1-0"]
[White "Aldiyar Ansat"]
[Black "Alexander Riazantsev"]
[WhiteElo "2434"]
[BlackElo "2616"]
[PlyCount "48"]

1. e4 e5 2. Nf3 Nc6 3. Bb5 a6 4. Ba4 Nf6 5. O-O Be7 6. Re1 b5 7. Bb3 O-O 8. a4
d5 9. axb5 dxe4 10. bxc6 exf3 11. Qxf3 e4 12. Qe2 Bd6 13. d4 exd3 14. Qxd3 Ng4
15. h3 Bh2+ 16. Kf1 Qxd3+ 17. cxd3 Ne5 18. d4 Nd3 19. Rd1 Nxc1 20. Rxc1 Rb8 21.
Rc3 Rd8 22. Nd2 Rxd4 23. Nf3 Rdb4 24. Nxh2 1-0

[Event "World Rapid 2023"]
[Site "Samarkand UZB"]
[Date "2023.12.27"]
[EventDate "2023.12.26"]
[Round "6.73"]
[Result "1/2-1/2"]
[White "Sumiya Chinguun"]
[Black "Chongsheng Zeng"]
[WhiteElo "2319"]
[BlackElo "2577"]
[PlyCount "98"]

1. e4 c5 2. Nc3 Nc6 3. Bb5 Nd4 4. Nf3 Nxb5 5. Nxb5 a6 6. Nc3 d6 7. d4 cxd4 8.
Qxd4 e5 9. Qd3 h6 10. O-O Nf6 11. Be3 Be7 12. a4 O-O 13. a5 Be6 14. Na4 d5 15.
Nxe5 Qc7 16. exd5 Nxd5 17. Bd4 Bd6 18. Nf3 Nb4 19. Qd2 Qxc2 20. Bb6 Qxd2 21.
Nxd2 Nd3 22. Rad1 Be5 23. Nc5 Nxb2 24. Nxe6 fxe6 25. Rb1 Bf6 26. g3 Rac8 27. Ne4
Nc4 28. Bc5 Rfd8 29. Rxb7 Nd2 30. Nxd2 Rxc5 31. Ne4 Rxa5 32. Nxf6+ gxf6 33. Rc1
Ra8 34. h4 h5 35. Rcc7 Rf5 36. Rg7+ Kh8 37. Rh7+ Kg8 38. Rbg7+ Kf8 39. Rb7 Kg8
40. Rhg7+ Kh8 41. Rh7+ Kg8 42. Rhg7+ Kh8 43. g4 hxg4 44. Rh7+ Kg8 45. Rhg7+ Kh8
46. Rh7+ Kg8 47. Rhg7+ Kh8 48. Rh7+ Kg8 49. Rhg7+ Kh8 1/2-1/2

[Event "World Rapid 2023"]
[Site "Samarkand UZB"]
[Date "2023.12.27"]
[EventDate "2023.12.26"]
[Round "6.74"]
[Result "0-1"]
[White "Rinat Jumabayev"]
[Black "Ediz Gurel"]
[WhiteElo "2598"]
[BlackElo "2560"]
[PlyCount "120"]

1. Nf3 d5 2. g3 Nf6 3. Bg2 c5 4. O-O g6 5. c4 Bg7 6. Qa4+ Bd7 7. Qb3 dxc4 8.
Qxc4 Nc6 9. Qxc5 Rc8 10. Nc3 O-O 11. d3 Be6 12. Bd2 Qd7 13. Rac1 Rfd8 14. Qa3
Bh3 15. Qb3 h6 16. Rfd1 g5 17. Qa4 a6 18. Be3 Bxg2 19. Kxg2 Qe6 20. Qb3 Qxb3 21.
axb3 Nd5 22. Bd2 Nxc3 23. Bxc3 Rd5 24. h4 gxh4 25. Nxh4 Rb5 26. Bxg7 Kxg7 27.
Rc3 Rd8 28. e3 Na5 29. Ra1 Nxb3 30. Ra4 Nc5 31. Rg4+ Kf8 32. Nf5 h5 33. Rd4 Ne6
34. Rxd8+ Nxd8 35. Rc8 Ke8 36. e4 Rxb2 37. d4 Kd7 38. Ra8 e6 39. Ng7 Rb4 40.
Nxh5 Rxd4 41. Nf6+ Kc7 42. e5 Nc6 43. Rf8 Nxe5 44. f4 Nd3 45. Rxf7+ Kc6 46. Kf3
a5 47. Ne4 Ne1+ 48. Ke3 Nc2+ 49. Kf3 a4 50. Rf8 Rd3+ 51. Kf2 Kd5 52. Ng5 a3 53.
Ra8 Nb4 54. Ra5+ Kc4 55. Nxe6 a2 56. g4 Rd1 57. f5 a1=Q 58. Rxa1 Rxa1 59. f6
Nd3+ 60. Ke3 Re1+ 0-1

[Event "World Rapid 2023"]
[Site "Samarkand UZB"]
[Date "2023.12.27"]
[EventDate "2023.12.26"]
[Round "6.75"]
[Result "1-0"]
[White "Roman Shogdzhiev"]
[Black "Johan-Sebastian Christiansen"]
[WhiteElo "1901"]
[BlackElo "2618"]
[PlyCount "142"]

1. e4 e5 2. Nf3 Nc6 3. Bc4 Nf6 4. Ng5 d5 5. exd5 Na5 6. Bb5+ Bd7 7. Qe2 Bd6 8.
Nc3 O-O 9. Bxd7 Qxd7 10. O-O Rae8 11. d3 Bb4 12. Bd2 Nxd5 13. Qe4 f5 14. Qxd5+
Qxd5 15. Nxd5 Bxd2 16. Nf3 Bh6 17. b4 Nc6 18. Nxc7 Re7 19. Nd5 Rd7 20. b5 Rxd5
21. bxc6 e4 22. c4 Rd6 23. c5 Rxc6 24. Nd4 Ra6 25. dxe4 fxe4 26. Rae1 Re8 27.
Nb5 Bf4 28. g3 Bb8 29. Nc3 Rae6 30. Re2 e3 31. Rxe3 Rxe3 32. fxe3 Rxe3 33. Nd5
Re5 34. Rd1 Kf7 35. Nf4 Re7 36. Nd3 Ke8 37. Nb4 Rc7 38. Re1+ Kd8 39. Rd1+ Kc8
40. Rf1 Rxc5 41. Rf8+ Kc7 42. Rf7+ Kb6 43. Rxg7 h5 44. Nd3 Rd5 45. Nb2 Ka6 46.
Nc4 Rc5 47. Ne3 Be5 48. Rd7 Rc3 49. Nd5 Rc1+ 50. Kg2 Rb1 51. Kh3 Rb2 52. a3 h4
53. Nb4+ Kb6 54. Nd3 Rb5 55. Nxe5 Rxe5 56. Kxh4 Re3 57. g4 Rxa3 58. g5 Ra2 59.
Kg3 Ra3+ 60. Kg4 Ra2 61. h4 a5 62. h5 Rg2+ 63. Kf5 a4 64. h6 a3 65. h7 Rh2 66.
Rd6+ Kb5 67. Rh6 Rf2+ 68. Ke4 Rf8 69. h8=Q Rxh8 70. Rxh8 Kc4 71. g6 1-0

[Event "World Rapid 2023"]
[Site "Samarkand UZB"]
[Date "2023.12.27"]
[EventDate "2023.12.26"]
[Round "6.76"]
[Result "1-0"]
[White "Ilia Iljiushenok"]
[Black "O'Gorman, Tom"]
[WhiteElo "2547"]
[BlackElo "2322"]
[PlyCount "78"]

1. e4 e5 2. Nf3 Nc6 3. Bb5 a6 4. Ba4 Nf6 5. O-O Be7 6. d3 d6 7. c4 O-O 8. h3 Nd7
9. Be3 Bf6 10. Nc3 Nd4 11. Bxd7 Nxf3+ 12. Qxf3 Bxd7 13. Nd5 Bh4 14. Qh5 f5 15.
exf5 Rxf5 16. Qe2 Be6 17. d4 c6 18. Nc3 Bg5 19. d5 Bd7 20. dxc6 Bxc6 21. Rad1
Bxe3 22. Qxe3 Qh4 23. Rxd6 Qxc4 24. Rfd1 Raf8 25. Rd8 Qf4 26. Rxf8+ Rxf8 27. Re1
Qf5 28. Qc5 Qc2 29. b4 Qg6 30. Nd5 Qf7 31. Ne7+ Kh8 32. Nxc6 bxc6 33. Rxe5 Rd8
34. a4 h6 35. Re1 Rd2 36. Qe3 Ra2 37. a5 Qc4 38. Qf3 Kh7 39. Qf5+ 1-0

[Event "World Rapid 2023"]
[Site "Samarkand UZB"]
[Date "2023.12.27"]
[EventDate "2023.12.26"]
[Round "6.77"]
[Result "1-0"]
[White "Robert Ruck"]
[Black "Mikhail Markov"]
[WhiteElo "2531"]
[BlackElo "2283"]
[PlyCount "44"]

1. Nf3 Nf6 2. c4 e6 3. g3 d5 4. Bg2 Be7 5. O-O O-O 6. d4 c6 7. Nc3 b6 8. Nd2 Bb7
9. e4 Na6 10. e5 Nd7 11. cxd5 cxd5 12. f4 Nb4 13. Nf3 Ba6 14. Rf2 Nd3 15. Rd2
Nxc1 16. Rxc1 b5 17. Bf1 Qb6 18. Rdc2 Rac8 19. Qd3 Qa5 20. a4 f6 21. axb5 Bb7
22. Re1 1-0

[Event "World Rapid 2023"]
[Site "Samarkand UZB"]
[Date "2023.12.27"]
[EventDate "2023.12.26"]
[Round "6.78"]
[Result "0-1"]
[White "Asrorjon Omonov"]
[Black "Jens Hirneise"]
[WhiteElo "2224"]
[BlackElo "2270"]
[PlyCount "54"]

1. d4 Nf6 2. c4 g6 3. Nc3 Bg7 4. e4 d6 5. h3 Nbd7 6. Be3 e5 7. Nf3 exd4 8. Nxd4
Nc5 9. Bd3 Nxd3+ 10. Qxd3 O-O 11. O-O Re8 12. Rad1 Bd7 13. Rfe1 Qe7 14. Bg5 Qf8
15. Qf3 Nh5 16. Nd5 Re5 17. Bh4 c6 18. Ne3 Rae8 19. Ng4 Ra5 20. Nf6+ Nxf6 21.
Bxf6 Bxf6 22. Qxf6 Rxa2 23. e5 dxe5 24. Nf3 Qe7 25. Qxe7 Rxe7 26. Nxe5 Be6 27.
g4 Rxb2 0-1

[Event "World Rapid 2023"]
[Site "Samarkand UZB"]
[Date "2023.12.27"]
[EventDate "2023.12.26"]
[Round "6.79"]
[Result "1-0"]
[White "Matvey Galchenko"]
[Black "David Akhmedov"]
[WhiteElo "2438"]
[BlackElo "2244"]
[PlyCount "70"]

1. e4 d6 2. d4 Nf6 3. Nc3 e5 4. Nf3 Nbd7 5. Bc4 Be7 6. O-O O-O 7. Re1 c6 8. a4
Qc7 9. a5 Rb8 10. Bf1 Re8 11. h3 Bf8 12. d5 a6 13. Be3 g6 14. Nd2 cxd5 15. exd5
Nh5 16. g4 Ng7 17. Nc4 f5 18. Qf3 Nf6 19. Bg5 fxg4 20. Qe2 Ngh5 21. Nb6 Bf5 22.
Ra4 gxh3 23. Rh4 Nf4 24. Qf3 N6h5 25. Ne2 Qxc2 26. Ng3 Nxg3 27. fxg3 Ng2 28.
Bxg2 hxg2 29. g4 Bc8 30. Rc1 e4 31. Qf6 Qe2 32. Rxh7 Kxh7 33. Rc7+ Be7 34. Qf7+
Kh8 35. Bf6+ 1-0

[Event "World Rapid 2023"]
[Site "Samarkand UZB"]
[Date "2023.12.27"]
[EventDate "2023.12.26"]
[Round "6.80"]
[Result "1/2-1/2"]
[White "Sergey Sklokin"]
[Black "Mukhiddin Madaminov"]
[WhiteElo "1780"]
[BlackElo "2494"]
[PlyCount "158"]

1. e4 e5 2. Nf3 Nf6 3. Nxe5 d6 4. Nf3 Nxe4 5. d3 Nf6 6. d4 g6 7. Bd3 Bg7 8. c3
O-O 9. O-O c5 10. Bg5 h6 11. Bh4 Nc6 12. Nbd2 cxd4 13. cxd4 Nb4 14. Qb3 Nxd3 15.
Qxd3 Bf5 16. Qb3 Qd7 17. Rfe1 Rfe8 18. Rac1 Rac8 19. Bg3 Rxc1 20. Rxc1 Ne4 21.
Nxe4 Bxe4 22. h3 a6 23. Nd2 Bf5 24. Nc4 Rc8 25. Rd1 Rc6 26. Ne3 b5 27. d5 Rc5
28. Nxf5 gxf5 29. Qb4 Bf8 30. Qd2 Qe7 31. Bf4 Qf6 32. b3 Qc3 33. Qe2 Qc2 34. Rd2
Qe4 35. Qxe4 fxe4 36. Rd4 f5 37. g4 fxg4 38. hxg4 Kf7 39. Kg2 Bg7 40. Rd2 Bf8
41. Be3 Rc3 42. Rd4 Bg7 43. Rxe4 Rd3 44. Rf4+ Kg6 45. Rf5 a5 46. Bf4 Rd4 47. Kf3
a4 48. Bxd6 Rd3+ 49. Ke2 axb3 50. axb3 Rxb3 51. Bf4 Rb2+ 52. Kf3 Rb3+ 53. Be3 b4
54. Ke4 Rb1 55. g5 hxg5 56. Rxg5+ Kf7 57. Rf5+ Ke8 58. Rg5 Kf7 59. Rf5+ Ke8 60.
Rg5 Bf8 61. Rg6 b3 62. Rb6 Kd7 63. Kd3 Ba3 64. Bd4 b2 65. Bxb2 Bxb2 66. Kc2 Rf1
67. Kxb2 Rxf2+ 68. Kc3 Rf4 69. Re6 Rh4 70. Kd3 Ra4 71. Ke3 Rb4 72. Re4 Rxe4+ 73.
Kxe4 Kd6 74. Kd4 Kd7 75. Ke5 Ke7 76. d6+ Kd7 77. Kd5 Kd8 78. d7 Kxd7 79. Ke4 1/2-1/2

[Event "World Rapid 2023"]
[Site "Samarkand UZB"]
[Date "2023.12.27"]
[EventDate "2023.12.26"]
[Round "6.81"]
[Result "0-1"]
[White "Jamshid Mustafaev"]
[Black "Baadur Jobava"]
[WhiteElo "2313"]
[BlackElo "2591"]
[PlyCount "80"]

1. Nf3 d5 2. g3 c6 3. Bg2 Bg4 4. h3 Bxf3 5. exf3 g6 6. O-O Bg7 7. f4 e6 8. d4
Ne7 9. c3 Nd7 10. Nd2 O-O 11. Nf3 c5 12. dxc5 Nxc5 13. Be3 Rc8 14. Bd4 Nf5 15.
Bxg7 Kxg7 16. Re1 Qb6 17. g4 Nd6 18. Rb1 Nce4 19. Nd4 Rfe8 20. Qe2 Qa5 21. f3
Nf6 22. Qe5 Nc4 23. Qg5 Qc7 24. f5 h6 25. Qh4 exf5 26. g5 Ng8 27. gxh6+ Nxh6 28.
f4 Nd2 29. Rbd1 Rxe1+ 30. Qxe1 Ne4 31. Qe3 Qb6 32. Qe2 Ng8 33. Kh2 Ngf6 34. Rg1
Qc7 35. Qe3 Ng5 36. Bh1 Re8 37. Nxf5+ Kf8 38. Qd2 Nge4 39. Bxe4 Nxe4 40. Qd4
gxf5 0-1

[Event "World Rapid 2023"]
[Site "Samarkand UZB"]
[Date "2023.12.27"]
[EventDate "2023.12.26"]
[Round "6.82"]
[Result "1-0"]
[White "Aleksandr Rakhmanov"]
[Black "Emin Ohanyan"]
[WhiteElo "2614"]
[BlackElo "2456"]
[PlyCount "158"]

1. d4 Nf6 2. c4 e6 3. Nc3 Bb4 4. e3 O-O 5. Nf3 d5 6. Bd2 b6 7. cxd5 exd5 8. Rc1
Bb7 9. Bd3 Nbd7 10. O-O Bxc3 11. Bxc3 Ne4 12. b4 c5 13. bxc5 bxc5 14. dxc5 Ndxc5
15. Be2 Nxc3 16. Rxc3 Rc8 17. Ra3 Qb6 18. Qb1 Ne4 19. Bd3 Qxb1 20. Rxb1 Nc5 21.
Bf5 Rb8 22. Ra5 Ne4 23. Rxa7 Ba6 24. Rxb8 Rxb8 25. h4 Be2 26. Nd4 Bc4 27. Bxe4
dxe4 28. a4 g6 29. Rc7 Rb4 30. a5 Ra4 31. g4 Bd3 32. Ra7 h6 33. Kg2 Kg7 34. Ne6+
Kf6 35. Nc5 Ra1 36. a6 g5 37. hxg5+ hxg5 38. Rd7 Bf1+ 39. Kg3 Bb5 40. Rb7 Bc4
41. Nxe4+ Kg7 42. Nxg5 Rxa6 43. Rc7 Bb3 44. Rc3 Rb6 45. e4 f6 46. Nf3 Rb4 47.
Nh4 Be6 48. f3 Rb7 49. Kf4 Ra7 50. Rc6 Bd7 51. Rb6 Kf7 52. g5 fxg5+ 53. Kxg5
Ra5+ 54. Kf4 Rh5 55. Ng2 Be6 56. Ke3 Ra5 57. Nf4 Ra3+ 58. Kf2 Bb3 59. Rd6 Ke7
60. Rd3 Ra2+ 61. Kg3 Bf7 62. Rc3 Kd6 63. Nh3 Ke5 64. Ng5 Bg8 65. Rd3 Bc4 66. f4+
Kf6 67. Rd6+ Ke7 68. Rc6 Bb5 69. Rb6 Ra3+ 70. Kh4 Bd7 71. f5 Ra7 72. Kg4 Ra1 73.
Kf4 Be8 74. Rb7+ Kd6 75. Rb6+ Kc5 76. Rb8 Bc6 77. Ke5 Rg1 78. Ne6+ Kc4 79. Rc8 1-0

[Event "World Rapid 2023"]
[Site "Samarkand UZB"]
[Date "2023.12.27"]
[EventDate "2023.12.26"]
[Round "6.84"]
[Result "0-1"]
[White "Velimir Ivic"]
[Black "Mukhammadzokhid Suyarov"]
[WhiteElo "2570"]
[BlackElo "2359"]
[PlyCount "144"]

1. e4 e5 2. Nf3 Nf6 3. Nxe5 d6 4. Nf3 Nxe4 5. d4 d5 6. Bd3 Bf5 7. O-O Be7 8. Re1
O-O 9. Nbd2 Nd6 10. Nf1 c6 11. Bxf5 Nxf5 12. Qd3 Nd6 13. b3 Na6 14. c4 Nb4 15.
Qe2 Re8 16. Be3 Bf8 17. c5 Ne4 18. a3 Na6 19. Qd3 Qf6 20. b4 Qf5 21. b5 Nc7 22.
a4 Ne6 23. bxc6 bxc6 24. Qa6 Rec8 25. Rab1 g5 26. h3 h5 27. Qd3 Bg7 28. Rb3 Qg6
29. N3h2 f5 30. f3 Nf6 31. Ng3 Re8 32. Qxf5 Qf7 33. Bf2 h4 34. Ngf1 Nh5 35.
Qxf7+ Kxf7 36. Rb7+ Kg8 37. Ng4 Nxd4 38. Rxe8+ Rxe8 39. Rxg7+ Nxg7 40. Bxd4 Re1
41. Kf2 Rd1 42. Be3 Ne6 43. Ne5 d4 44. Bd2 Ra1 45. Nxc6 Rxa4 46. Ne5 Nxc5 47.
Bxg5 Ra2+ 48. Nd2 a5 49. Ke2 a4 50. Nc4 a3 51. Bf6 Ne6 52. Kd3 Ra1 53. Bxd4 Nxd4
54. Kxd4 a2 55. Nb3 Rg1 56. Ncd2 Rxg2 57. Kc3 Rg3 58. Kb2 Rxh3 59. Kxa2 Rh2 60.
Ka3 Rf2 61. Ne4 Rxf3 62. Ng5 Rg3 63. Ne4 Re3 64. Nf6+ Kg7 65. Ng4 Rg3 66. Nf2
Rf3 67. Ng4 h3 68. Nh2 Rf2 69. Ng4 Rg2 70. Ne3 Rg1 71. Nd4 h2 72. Nf3 Ra1+ 0-1

[Event "World Rapid 2023"]
[Site "Samarkand UZB"]
[Date "2023.12.27"]
[EventDate "2023.12.26"]
[Round "6.85"]
[Result "0-1"]
[White "Saidakbar Saydaliev"]
[Black "Anton Smirnov"]
[WhiteElo "2426"]
[BlackElo "2586"]
[PlyCount "104"]

1. Nf3 d5 2. c4 c6 3. e3 Nf6 4. Nc3 Bg4 5. Qb3 Qb6 6. Ne5 Be6 7. d4 Nbd7 8. Nxd7
Bxd7 9. c5 Qc7 10. Bd3 e5 11. Qc2 e4 12. Be2 Be7 13. b4 a6 14. a4 Bg4 15. f3
exf3 16. gxf3 Bh5 17. a5 Bg6 18. Bd3 Nh5 19. O-O O-O 20. Rf2 Rae8 21. Rg2 Bh4
22. Bd2 Re6 23. Rg4 Bd8 24. Kh1 Bxd3 25. Qxd3 f5 26. Rg2 Rh6 27. Rag1 Qf7 28.
Ne2 Bc7 29. Be1 f4 30. e4 dxe4 31. Qxe4 Re8 32. Qc2 Qd5 33. Rf1 Re3 34. Nc3 Qc4
35. Qa2 Qxa2 36. Rxa2 Ng3+ 37. Bxg3 fxg3 38. Rc1 Rxf3 39. d5 Be5 40. Ne4 cxd5
41. Nd6 Rf2 42. Rxf2 gxf2 43. Kg2 Rxh2+ 44. Kf3 Bxd6 45. cxd6 Kf7 46. Kg3 Rh6
47. Rc7+ Ke6 48. Kxf2 Rf6+ 49. Ke3 Rf7 50. d7 Rxd7 51. Rc8 d4+ 52. Kd3 Kf5 0-1

[Event "World Rapid 2023"]
[Site "Samarkand UZB"]
[Date "2023.12.27"]
[EventDate "2023.12.26"]
[Round "6.86"]
[Result "1/2-1/2"]
[White "Mustafokhuja Khusenkhojaev"]
[Black "Elham Amar"]
[WhiteElo "2298"]
[BlackElo "2555"]
[PlyCount "92"]

1. d4 f5 2. Nf3 Nf6 3. c4 g6 4. g3 Bg7 5. Bg2 O-O 6. O-O d6 7. Nc3 Nc6 8. d5 Ne5
9. Nxe5 dxe5 10. Qb3 h6 11. Bd2 g5 12. Rad1 Kh8 13. c5 e4 14. f3 e5 15. dxe6 Qe7
16. fxe4 fxe4 17. Nd5 Nxd5 18. Rxf8+ Bxf8 19. Qxd5 Qxc5+ 20. Qxc5 Bxc5+ 21. Kh1
Bxe6 22. Bc3+ Kg8 23. Bxe4 c6 24. b4 Bf8 25. a4 Re8 26. Bg6 Bf7 27. Bxf7+ Kxf7
28. Rd7+ Re7 29. Rxe7+ Bxe7 30. Kg2 g4 31. e4 c5 32. bxc5 Bxc5 33. h3 h5 34.
hxg4 hxg4 35. Kf1 Ke6 36. Ke2 a6 37. Be1 b5 38. axb5 axb5 39. Kd3 Bd6 40. Ke3 b4
41. Bxb4 Bxg3 42. Bc3 Bh2 43. Kf2 Bf4 44. Kg2 Kd6 45. Bd4 Kc6 46. Be3 1/2-1/2

[Event "World Rapid 2023"]
[Site "Samarkand UZB"]
[Date "2023.12.27"]
[EventDate "2023.12.26"]
[Round "6.88"]
[Result "0-1"]
[White "Mergen Kakabayev"]
[Black "Mamikon Gharibyan"]
[WhiteElo "2266"]
[BlackElo "2504"]
[PlyCount "108"]

1. e4 c5 2. Nf3 Nc6 3. d4 cxd4 4. Nxd4 Qb6 5. Nb3 Nf6 6. Nc3 e6 7. Be3 Qc7 8. a3
a6 9. Be2 b5 10. O-O Be7 11. Qd2 d6 12. f3 Bb7 13. Rfd1 O-O 14. Bf1 Rac8 15. Qf2
Nd7 16. Rac1 Nce5 17. Nd4 Nc4 18. Bxc4 Qxc4 19. Qg3 Kh8 20. Kh1 Nf6 21. Nce2 Qc7
22. c3 Rcd8 23. Ra1 Bc8 24. a4 e5 25. Nf5 Bxf5 26. exf5 Qc4 27. Qf2 bxa4 28. Ng3
d5 29. Qc2 a3 30. bxa3 d4 31. Bd2 d3 32. Qa2 Qc6 33. Re1 Nd7 34. Ne4 Nb6 35.
Rab1 Nc4 36. Rb3 Rb8 37. Reb1 Rxb3 38. Rxb3 g6 39. Bh6 Rd8 40. f6 Bxf6 41. Rb4
d2 42. Bxd2 Nxd2 43. Nxd2 Qxc3 44. Nf1 Rd7 45. Rb1 Kg7 46. a4 h5 47. Qe2 Qd3 48.
Qxd3 Rxd3 49. Rb6 Rd1 50. Kg1 e4 51. Kf2 Bd4+ 52. Ke2 Rxf1 53. Rb4 Rf2+ 54. Ke1
Bc3+ 0-1